| 000 | 00919nam a22002175a 4500 | ||
|---|---|---|---|
| 003 | OSt | ||
| 005 | 20161126130619.0 | ||
| 008 | 161126s2011 ua frb 000 0 ara d | ||
| 040 |
_aEG-ScBUE _bara _cEG-ScBUE |
||
| 082 | 0 | 4 |
_a345 _bع ق ي _222 |
| 100 | 1 | _aعقيدة، محمد أبو العلا. | |
| 245 | 1 | 0 |
_aأصول علم العقاب : _bدراسة تحليلية وتأصيلية للنظام العقابي المعاصر مقارنا بالنظام العقابي الإسلامي / _cتأليف محمد أبو العلا عقيدة. |
| 260 |
_aالقاهرة : _bدار النهضة العربية، _c2011. |
||
| 300 |
_a392 ص. ؛ _c24 سم. |
||
| 504 | _aيشتمل على إرجاعات ببليوجرافية. | ||
| 650 | 7 |
_aقانون العقوبات. _2BUEsh _941137 |
|
| 650 | 7 |
_aالعقوبات (فقه إسلامي) _2BUEsh |
|
| 651 | _2BUEsh | ||
| 653 |
_bLLAAWW _cNovember2016 |
||
| 942 | _2ddc | ||
| 999 |
_c23332 _d23304 |
||